Statistics for Dallas Mavericks 2016-17 Roster

Click here to take the quiz!

General Stats

  • This quiz has been taken 153 times
    (121 since last reset)
  • The average score is 7 of 14

Answer Stats

NbrPostPlayer% Correct
41ForwardDirk Nowitzki
98%
40ForwardHarrison Barnes
67%
5GuardJ.J. Barea
65%
30GuardSeth Curry
55%
7Forward-CenterDwight Powell
54%
10ForwardDorian Finney-Smith
52%
-Head CoachRick Carlisle
52%
34GuardDevin Harris
49%
23Guard-ForwardWesley Matthews
49%
50CenterSalah Mejri
46%
3CenterNerlens Noel
36%
11GuardYogi Ferrell
35%
20CenterAJ Hammons
18%
9ForwardNicolas Brussino
15%

Score Distribution

Percentile by Number Answered

Percent of People with Each Score

Your Score History

You have not taken this quiz since the last reset